000 00431nam a2200121Ia 4500
008 220620s9999||||xx |||||||||||||| ||und||
245 0 _aSocial Isolation
_bAn Interdisciplinary View
546 _aEnglish[eng]
650 _aSocial, group or collective psychology
700 _aMorese, Rosalba||Palermo, Sara||Fiorella, Raffaella
856 _uhttps://mts.intechopen.com/storage/books/7818/authors_book/authors_book.pdf
942 _cEB
999 _c32403
_d32403